000 00534nam a2200193Ia 4500
999 _c2928
_d2928
003 OSt
005 20200918101014.0
008 190216s9999||||xx |||||||||||||| ||und||
020 _a9780198501015
040 _coclc
082 _a541.3
_bATK/P
100 _aAtkins, Peter
_94151
245 0 _aPhysical Chemistry /
_cPeter Atkins
250 _a6th Ed.
260 _bOxford University Press,
_c1998.
_aTokyo:
300 _a997p
650 _aChemistry-Chemistry
942 _cBK
_2ddc
_h541.3
_iATK/P
_k541.3
_mATK/P